000 00242nam a2200097Ia 4500
005 20251222114352.0
008 251222s1900||||xx |||||||||||||| ||spa||
082 _aDVD0070/J13/2001
245 0 _aEscape al paraĆ­so:Escape to paradise
942 _cDVD
999 _c1270
_d1270